| 000 | 00696nam a22001937a 4500 | ||
|---|---|---|---|
| 999 |
_c171017 _d171017 |
||
| 005 | 20200102160758.0 | ||
| 010 | _aA-880705 | ||
| 020 |
_c150.00 _a- |
||
| 035 | _aA-880705 | ||
| 037 | _bBPPD | ||
| 082 | _a841 | ||
| 100 | _aمحمد نقو ی | ||
| 245 |
_aا نتخا ب قصا ءد سيد سر سو ی _cمحمد نقو ی |
||
| 246 |
_aIntakhab QasayedSyed Sirsawvi (Urdu) _bby Urfi Hind Syed Mohd.Naqvi |
||
| 260 |
_aMuradabad _c1993ء _bKishwer Jahan Zaidi |
||
| 270 |
_bMuradabad _k- _e344302 _aAndrun-e-Qila Miyan Sarai,Sambhal |
||
| 300 |
_a368 ص _c22 cm(hb) |
||
| 942 |
_2ddc _cUR _h841 _mن ق و |
||